000 00383cam a2200157ua 4500
041 _aeng
_h
082 _a540
_bGOD/HI
100 _aGoddard, F W .
245 _aHigher chemical arithmetic /
_cF W Goddard.
_hTextual Documents
250 _a2 /
_b.
260 _aLondon :
_bLongman Green and Co ,
_c1967.
300 _a276 ; .
504 _a
942 _cBK
999 _c8837
_d8837